000 00660nam a2200217 a 4500
001 000004404
005 20200929151433.0
008 880211s1989 ag 000 f spa
020 _a9500705435
040 _aDO-SdBNP
_bspa
_cBNPHU
082 _a823.914
_bW788p, 1989
100 1 _aWinterson, Jeanette,
_d1959-
_912954
240 1 4 _aThe passion.
_lEspañol
245 1 3 _aLa pasión /
_cJeanette Winterson; traducción de Elena Rius.
250 _a2a ed.
260 _aBuenos Aires :
_bSudamericana,
_c1989.
300 _a165, [2] p. ;
_c22 cm.
650 4 _aNovela francesa
_91075
650 4 _aLiteratura francesa
_91074
700 1 _aRius, Elena,
_etr.
_912955
999 _c4213
_d4213